Países que usam o Euro - Morte súbita - Statistics

Estatísticas Gerais
  • Esse quiz foi jogado 209 vezes
    54 desde o último reset
  • A pontuação média é 8 de 21
Answers on the Grid
Answers color-coded by a green-red scale on the quiz's grid according to % correct below.
Alemanha
Áustria
Bélgica
Bulgária
Chipre
Croácia
Dinamarca
Eslováquia
Eslovênia
Espanha
Estônia
Finlândia
França
Grécia
Hungria
Irlanda
Islândia
Itália
Letônia
Lituânia
Luxemburgo
Macedônia do Norte
Malta
Moldávia
Países Baixos
Polônia
Portugal
Reino Unido
República Tcheca
Romênia
Sérvia
Suécia
Suíça
Turquia
Ucrânia
 
Estatísticas das Respostas
Resposta % Correto
Alemanha
97%
Bélgica
75%
Áustria
69%
Espanha
63%
França
56%
Itália
47%
Portugal
47%
Croácia
41%
Eslovênia
34%
Grécia
34%
Chipre
31%
Países Baixos
31%
Eslováquia
28%
Irlanda
28%
Luxemburgo
28%
Bulgária
25%
Malta
16%
Estônia
9%
Finlândia
9%
Letônia
9%
Lituânia
9%
Nenhum quiz correspondente encontrado
Distribuição das Pontuações
Porcentagem de Pessoas com Cada Pontuação
Percentil de Números Respondidos
Sua Pontuação Histórica
Você não jogou esse quiz desde o último reset